ঢাকা পুরাণ / (Record no. 12835)
[ view plain ]
| 000 -LEADER | |
|---|---|
| fixed length control field | 00723nam a2200217 a 4500 |
| 001 - CONTROL NUMBER | |
| JCCL Control Number | 12835 |
| 003 - CONTROL NUMBER IDENTIFIER | |
| JCCL marc code | BD-JhCC |
| 005 - DATE AND TIME OF LATEST TRANSACTION | |
| control field | 20230517131200.0 |
| 008 - FIXED-LENGTH DATA ELEMENTS--GENERAL INFORMATION | |
| fixed length control field | 230517s20222011b |||| |||| 000 0 be d |
| 020 ## - INTERNATIONAL STANDARD BOOK NUMBER | |
| International Standard Book Number | 9789848765562 |
| 035 ## - SYSTEM CONTROL NUMBER | |
| system control number | (BD-JhCC)12835 |
| 040 ## - CATALOGING SOURCE | |
| Original cataloging agency | BD-JhCC |
| Modifying agency | BD-JhCC |
| 041 ## - LANGUAGE CODE | |
| Language code of Book | ben |
| 082 ## - DEWEY DECIMAL CLASSIFICATION NUMBER | |
| Classification number | 398.03 |
| Author mark and Year | ROH 2022 |
| 100 ## - MAIN ENTRY--PERSONAL NAME | |
| Personal name | রহমান, মীজানুর |
| 245 ## - TITLE STATEMENT | |
| Title | ঢাকা পুরাণ / |
| Statement of responsibility, etc | মীজানুর রহমান |
| 260 ## - PUBLICATION, DISTRIBUTION, ETC. (IMPRINT) | |
| Place of publication, distribution, etc | ঢাকা : |
| Name of publisher, distributor, etc | প্রথমা প্রকাশন, |
| Date of publication, distribution, etc | ২০২২ |
| 300 ## - PHYSICAL DESCRIPTION | |
| Pagination | ২১৬ পৃ. : |
| Other physical details | চিত্রাবলী সংযোজীত, |
| Dimensions | ২১ সেমি. |
| 650 ## - SUBJECT ADDED ENTRY--TOPICAL TERM | |
| Topical term or geographic name as entry element | Folklore |
| Geographic subdivision | Bangladesh |
| 942 ## - ADDED ENTRY ELEMENTS (KOHA) | |
| Source of classification or shelving scheme | Dewey Decimal Classification |
| Koha item type | Books |
| Source of classification or shelving scheme | Damaged status | Not for loan | Home library | Current library | Shelving location | Date of accession | Cost, normal purchase price | Total Checkouts | Full call number | Barcode | Date last seen | Date checked out | Copy number | Method of acquisition | Koha item type | Currency |
|---|---|---|---|---|---|---|---|---|---|---|---|---|---|---|---|---|
| Dewey Decimal Classification | JCC Rouf Library | JCC Rouf Library | General Stacks | 05/17/2023 | 288.00 | 3 | 398.03 ROH 2022 | 17655 | 04/22/2024 | 01/31/2024 | C-1 | Purchase | Books | BDT |